000 00649nam a2200193Ia 4500
008 160114s9999 xx 000 0 und d
020 _a9780399242304
050 _aFic
050 _b.C776j 2004
100 _aCooper, Floyd
245 _aJump! :
_bfrom the life of Michael Jordan /
_cFloyd Cooper.
260 _aNew York :
_bPenguin Group
_c2004
300 _bcolor illustrations ;
_c30 x 19 cm
650 _a Jordan, Michael, -- 1963- --
650 _aBasketball players -- United States -- Biography --
650 _aJordan, Michael, -- 1963- -- Childhood and youth.
650 _xJuvenile literature.
650 _xJuvenile literature.
999 _c290378
_d290378